| 000 | 00417nam a22001817a 4500 | ||
|---|---|---|---|
| 008 | 250910b |||||||| |||| 00| 0 eng d | ||
| 020 | _a9789356963313 | ||
| 040 | _a30 | ||
| 082 | _a618.2 KON | ||
| 100 | _aKONAR, HIRALAL | ||
| 110 | _bAYURVEDIC | ||
| 245 | _aDC DUTTA'S TEXTBOOK OF OBSTETRICS | ||
| 250 | _a10TH | ||
| 260 |
_aNEW DELHI _bJAYPEE _c2023 |
||
| 300 | _a666 | ||
| 650 | _aOBSTETRICS | ||
| 942 | _c01 | ||
| 999 |
_c66182 _d66182 |
||